| 000 | 00854nam a2200205 a 4500 | ||
|---|---|---|---|
| 001 | 1127307 | ||
| 008 | 140918s1995 ||||||||||||||||| || u | ||
| 010 | _a94049675 | ||
| 020 | _a0395718163 | ||
| 050 | _a574 Ang | ||
| 100 | _aAngier, Natalie | ||
| 245 | 1 | 4 |
_aThe beauty of the beastly : new views on the nature of life _cNatalie Angier. |
| 260 |
_aBoston _bHoughton Mifflin _c1995 |
||
| 300 | _axxii, 278 p. | ||
| 500 | _a"A Peter Davison book." Selection of revised pieces which originally appeared in the New York times. | ||
| 650 | 0 | _aLIFE (BIOLOGY) | |
| 856 | _uhttp://www.loc.gov/catdir/enhancements/fy0728/94049675-d.html | ||
| 856 | _uhttp://www.loc.gov/catdir/enhancements/fy0736/94049675-b.html | ||
| 995 |
_aAMERICAN CORNER _e0105745 _FCBU-DAG HAMMARSKJOLD INSTITUTE LIBRARY _j574 Ang _M1 _UAVAILABLE _WSep 18, 2014 _y0105745 _ZAmerican Collection |
||
| 999 |
_c123 _d123 |
||